African studies since 1945 : (Record no. 131477)
[ view plain ]
| 000 -LEADER | |
|---|---|
| fixed length control field | 01286cam a2200325 i 4500 |
| 001 - CONTROL NUMBER | |
| control field | 3198059 |
| 003 - CONTROL NUMBER IDENTIFIER | |
| control field | ARRUPE |
| 005 - DATE AND TIME OF LATEST TRANSACTION | |
| control field | 20220520083347.0 |
| 008 - FIXED-LENGTH DATA ELEMENTS--GENERAL INFORMATION | |
| fixed length control field | 770524s1976 enk b 011 0 engs |
| 010 ## - LIBRARY OF CONGRESS CONTROL NUMBER | |
| LC control number | 77356816 |
| 015 ## - NATIONAL BIBLIOGRAPHY NUMBER | |
| National bibliography number | GB*** |
| 020 ## - INTERNATIONAL STANDARD BOOK NUMBER | |
| International Standard Book Number | 0582642078 : |
| Terms of availability | £7.00 |
| 020 ## - INTERNATIONAL STANDARD BOOK NUMBER | |
| International Standard Book Number | 0582642086 (pbk.) |
| 040 ## - CATALOGING SOURCE | |
| Original cataloging agency | DLC |
| Transcribing agency | DLC |
| Modifying agency | DLC |
| 043 ## - GEOGRAPHIC AREA CODE | |
| Geographic area code | f------ |
| 050 00 - LIBRARY OF CONGRESS CALL NUMBER | |
| Classification number | DT1.5 |
| Item number | .A425 |
| 082 00 - DEWEY DECIMAL CLASSIFICATION NUMBER | |
| Classification number | 960/.3 |
| 300 ## - PHYSICAL DESCRIPTION | |
| Dimensions | 24 cm. |
| 245 00 - TITLE STATEMENT | |
| Title | African studies since 1945 : |
| Remainder of title | a tribute to Basil Davidson : proceedings of a seminar in honour of Basil Davidson's sixtieth birthday at the Centre of African Studies, University of Edinburgh under the chairmanship of George Shepperson / |
| Statement of responsibility, etc | edited by Christopher Fyfe. |
| 260 ## - PUBLICATION, DISTRIBUTION, ETC. (IMPRINT) | |
| Place of publication, distribution, etc | London : |
| Name of publisher, distributor, etc | Longman, |
| Date of publication, distribution, etc | 1976. |
| 300 ## - PHYSICAL DESCRIPTION | |
| Extent | vii, 255 p. ; |
| 500 ## - GENERAL NOTE | |
| General note | Imprint covered by label: Holmes & Meier Publishers, Inc., Import Division, New York. |
| 504 ## - BIBLIOGRAPHY, ETC. NOTE | |
| Bibliography, etc | Includes bibliographical references and index. |
| 600 10 - SUBJECT ADDED ENTRY--PERSONAL NAME | |
| Personal name | Davidson, Basil, |
| Dates associated with a name | 1914-2010. |
| 9 (RLIN) | 30545 |
| 651 #0 - SUBJECT ADDED ENTRY--GEOGRAPHIC NAME | |
| Geographic name | Africa |
| Form subdivision | Congresses. |
| 9 (RLIN) | 51716 |
| 700 1# - ADDED ENTRY--PERSONAL NAME | |
| Personal name | Davidson, Basil, |
| Dates associated with a name | 1914-2010. |
| 9 (RLIN) | 30545 |
| 700 1# - ADDED ENTRY--PERSONAL NAME | |
| Personal name | Fyfe, Christopher. |
| 9 (RLIN) | 51717 |
| 710 2# - ADDED ENTRY--CORPORATE NAME | |
| Corporate name or jurisdiction name as entry element | University of Edinburgh. |
| Subordinate unit | Centre of African Studies. |
| 9 (RLIN) | 51718 |
| 906 ## - LOCAL DATA ELEMENT F, LDF (RLIN) | |
| a | 7 |
| b | cbc |
| c | orignew |
| d | 3 |
| e | ncip |
| f | 19 |
| g | y-gencatlg |
| 942 ## - ADDED ENTRY ELEMENTS (KOHA) | |
| Source of classification or shelving scheme | Library of Congress Classification |
| Koha item type | Monograph ( Printed materials) |
| Withdrawn status | Lost status | Source of classification or shelving scheme | Damaged status | Not for loan | Collection code | Home library | Current library | Shelving location | Date acquired | Total Checkouts | Full call number | Barcode | Date last seen | Price effective from | Koha item type |
|---|---|---|---|---|---|---|---|---|---|---|---|---|---|---|---|
| Library of Congress Classification | Main Collection | ARRUPE LIBRARY | ARRUPE LIBRARY | Main Collection | 20/05/2022 | DT1.5 .A425 | 46600008713 | 20/05/2022 | 20/05/2022 | Monograph ( Printed materials) |